00601 2200217 4500001002100000005001700021008004100038035002400079090001700103100001900120245008500139250001100224260002600235300001900261500003100280650002100311850001500332980001500347985000600362999001500368YOGYA-0209000002212120090227023618.0 ind  0010-020900000022121 a155.5bSim L aSIMANJUNTAK, B aLatar belakang kenakalan remajab(etiologi juvenile delinquency)cB. Simanjuntak aCet. 1 aBandungbAlumnic1979 a237 hlmc21 cm aBibliografi : hlm. 236-237 aPsikologi remaja aYOPDYOG(B) a01-13-2005 a1 a06A0016029